Stacje Kolejowe Poznania - Statystyki

Ogólne statystyki
  • Ten quiz został rozwiązany 444 razy
  • Średni wynik to 10 z 16
Statystyki odpowiedzi
Poznań <nazwa> % Poprawnych
Poznań Główny
96%
Poznań Dębiec
82%
Poznań Wschód
81%
Poznań Garbary
77%
Poznań Starołęka
73%
Poznań Górczyn
71%
Poznań (stacja towarowa) Franowo
69%
Poznań Junikowo
66%
Poznań Antoninek
63%
Poznań Wola
62%
Poznań Strzeszyn
57%
Poznań Dębina
53%
Poznań Krzesiny
50%
Poznań Podolany
49%
Poznań Karolin
41%
Poznań (stacja towarowa) Piątkowo
35%
Nie znaleziono quizów pasujących do podanych kryteriów
Rozkład punktacji
Procent ludzi z każdym wynikiem
Percentyl według liczby udzielonych odpowiedzi
Twoja historia wyników
Nie rozwiązałeś tego quizu